Свет, глаз, мозг. Принципы цветолечения (Запись № 844128)

Подробности
000 -МАРКЕР
контрольное поле 01840nam1a2200373 i 4500
001 - ИДЕНТИФИКАТОР ЗАПИСИ
контрольное поле RU\NLR\bibl\150209
005 - ИДЕНТИФИКАТОР ВЕРСИИ
контрольное поле 20241103123746.0
035 ## - ДРУГИЕ СИСТЕМНЫЕ НОМЕРА
Идентификатор записи (NLR Aleph) 000147226
100 ## - ДАННЫЕ ОБЩЕЙ ОБРАБОТКИ
Данные общей обработки 20010418g20009999u y0rusy50 ca
101 0# - ЯЗЫК РЕСУРСА
Язык текста, звукозаписи и т.д. русский
102 ## - СТРАНА ПУБЛИКАЦИИ ИЛИ ПРОИЗВОДСТВА
Страна публикации Российская Федерация
105 ## - ПОЛЕ КОДИРОВАННЫХ ДАННЫХ: ТЕКСТОВЫЕ МАТЕРИАЛЫ, МОНОГРАФИЧЕСКИЕ
Кодированные данные о монографическом текстовом документе a j |||||
200 1# - ЗАГЛАВИЕ И СВЕДЕНИЯ ОБ ОТВЕТСТВЕННОСТИ
Основное заглавие Свет, глаз, мозг. Принципы цветолечения
Сведения, относящиеся к заглавию Учеб. пособие
Первые сведения об ответственности Т.П. Тетерина
205 ## - СВЕДЕНИЯ ОБ ИЗДАНИИ
Сведения об издании [2-е изд., испр. и доп.]
210 ## - ПУБЛИКАЦИЯ, РАСПРОСТРАНЕНИЕ И ДР.
Место издания, распространения и т.д. Калуга
Имя издателя, распространителя и т. д. Изд-во Н. Бочкаревой
Дата издания, распространения и т.д. 2000
215 ## - ФИЗИЧЕСКАЯ ХАРАКТЕРИСТИКА
Размеры 20
300 ## - ОБЩИЕ ПРИМЕЧАНИЯ
Текст примечания На 4-й с. обл. авт.: Тетерина Т.П., д.м.н., проф., д.чл. Лазер. акад. наук, лауреат премии им. А.Л. Чижевского
463 #0 - УРОВЕНЬ ФИЗИЧЕСКОЙ ЕДИНИЦЫ
Встроенное поле 001146895
606 ## - НАИМЕНОВАНИЕ ТЕМЫ КАК ПРЕДМЕТ
Наименование темы Цветотерапия
Формальный подзаголовок Руководства, пособия и т.п.
Системный номер авторитетной/нормативной записи 1902496
Идентификатор авторитетной/нормативной записи RU\NLR\auth\661156041
606 ## - НАИМЕНОВАНИЕ ТЕМЫ КАК ПРЕДМЕТ
Наименование темы Цветотерапия
Формальный подзаголовок Учебные издания
Системный номер авторитетной/нормативной записи 1902496
Идентификатор авторитетной/нормативной записи RU\NLR\auth\661156041
606 0# - НАИМЕНОВАНИЕ ТЕМЫ КАК ПРЕДМЕТ
Наименование темы Зрительный анализатор
Формальный подзаголовок Руководства, пособия и т.п.
Системный номер авторитетной/нормативной записи 1022925
Идентификатор авторитетной/нормативной записи RU\NLR\auth\6673477
606 0# - НАИМЕНОВАНИЕ ТЕМЫ КАК ПРЕДМЕТ
Наименование темы Зрительный анализатор
Формальный подзаголовок Учебные издания
Системный номер авторитетной/нормативной записи 1022925
Идентификатор авторитетной/нормативной записи RU\NLR\auth\6673477
606 ## - НАИМЕНОВАНИЕ ТЕМЫ КАК ПРЕДМЕТ
Наименование темы Гелиобиология
Формальный подзаголовок Руководства, пособия и т.п.
Системный номер авторитетной/нормативной записи 1363988
Идентификатор авторитетной/нормативной записи RU\NLR\auth\66256664
606 ## - НАИМЕНОВАНИЕ ТЕМЫ КАК ПРЕДМЕТ
Наименование темы Гелиобиология
Формальный подзаголовок Учебные издания
Системный номер авторитетной/нормативной записи 1363988
Идентификатор авторитетной/нормативной записи RU\NLR\auth\66256664
686 ## - ИНДЕКСЫ ДРУГИХ КЛАССИФИКАЦИЙ
Индекс Р357.19я7
686 ## - ИНДЕКСЫ ДРУГИХ КЛАССИФИКАЦИЙ
Индекс Е992.4я7
686 ## - ИНДЕКСЫ ДРУГИХ КЛАССИФИКАЦИЙ
Индекс Е071.23я7
700 #1 - ИМЯ ЛИЦА - ПЕРВИЧНАЯ ОТВЕТСТВЕННОСТЬ
Начальный элемент ввода Тетерина
Часть имени, кроме начального элемента ввода Т. П.
Расширение инициалов личного имени Татьяна Прохоровна
Код отношения Автор
801 #0 - ИСТОЧНИК ЗАПИСИ
Страна Российская Федерация
Организация NLR
Дата составления 20010418
Правила каталогизации PSBO
801 #1 - ИСТОЧНИК ЗАПИСИ
Страна Российская Федерация
Организация NLR
Дата составления 20010418
852 ## - МЕСТОНАХОЖДЕНИЕ И ШИФР ХРАНЕНИЯ
Идентификатор организации NLR
Шифр хранения (Call Number) 2001-3/3102
942 ## - ДОПОЛНИТЕЛЬНЫЕ ЭЛЕМЕНТЫ ЗАПИСИ (АБИС)
Тип экземпляра АБИС Книга

Нет доступных экземпляров.